000 00253nam a22001217a 4500
041 _aENG
100 _aD.Chitty
245 _aControl Of Rats And Mice
260 _aDelhi
_bOxford
_c1954
300 _a305
650 _aAPE ( 02 )
856 _uAPE ( 02 )
999 _c2832
_d2832